Report of the Committee on Mines and Energy on the Emergency Power Purchase Agreement Between the GOG and GPGC(TEI) Limited for the Provision on a Fast-Track Basis ,up to 107Mw(ISO) installed Capacity of Power Delivery Services. 2015 (Record no. 1782)
[ view plain ]
| 000 -LEADER | |
|---|---|
| fixed length control field | 00743nam a2200145Ia 4500 |
| 008 - FIXED-LENGTH DATA ELEMENTS--GENERAL INFORMATION | |
| fixed length control field | 240429s9999||||xx |||||||||||||| ||und|| |
| 041 ## - LANGUAGE CODE | |
| Language code of text/sound track or separate title | fre |
| 082 ## - DEWEY DECIMAL CLASSIFICATION NUMBER | |
| Classification number | CR/GOG&GPGC/15 |
| 100 ## - MAIN ENTRY--PERSONAL NAME | |
| Personal name | Parliament of Ghana |
| 245 #0 - TITLE STATEMENT | |
| Title | Report of the Committee on Mines and Energy on the Emergency Power Purchase Agreement Between the GOG and GPGC(TEI) Limited for the Provision on a Fast-Track Basis ,up to 107Mw(ISO) installed Capacity of Power Delivery Services. 2015 |
| 300 ## - PHYSICAL DESCRIPTION | |
| Extent | 7p |
| 650 ## - SUBJECT ADDED ENTRY--TOPICAL TERM | |
| Topical term or geographic name entry element | Report of the Committee on Mines and Energy on the Emergency Power Purchase - Agreement Between the GOG and GPGC(TEI) Limited for the Provision on a Fast-Track Basis - up to 107Mw(ISO) installed Capacity of Delivery Services |
| 942 ## - ADDED ENTRY ELEMENTS (KOHA) | |
| Koha item type | Committee Reports |
| Withdrawn status | Lost status | Damaged status | Not for loan | Home library | Current library | Shelving location | Date acquired | Total checkouts | Full call number | Date last seen | Copy number | Price effective from | Koha item type |
|---|---|---|---|---|---|---|---|---|---|---|---|---|---|
| Main Library | Main Library | Open Shelves | 23/11/2022 | CR/G&GPC/15 3662 C1 - CR/GO&GPC/15 3663 C2 - CR/GOG&GPGC/15 3683 - CR/GOG&GPGC/15 3684 | 29/04/2024 | 1 | 29/04/2024 | Committee Reports |